Avec Michel PICCOLI ... ou pas - Statistiques

Statistiques générales
  • Ce quiz a été pris 17 fois
    16 depuis la dernière actualisation
  • Le résultat moyen est 12 sur 38
Answers on the Grid
Answers color-coded by a green-red scale on the quiz's grid according to % correct below.
Le doulos (1962)
Le mépris (1963)
Le Journal d'une femme de chambre (1964)
Compartiment tueurs (1965)
Paris brûle-t-il ? (1966)
La curée (1966)
Les demoiselles de Rochefort (1967)
Belle de jour (1967)
L'étau (1969)
Les choses de la vie (1970)
Max et les ferrailleurs (1971)
Le charme discret de la bourgeoisie (1972)
L'attentat (1972)
Dillinger est mort (1969)
Themroc (1973)
La grande bouffe (1973)
Le fantôme de la liberté (1974)
Vincent, François, Paul... et les autres (1974)
Sept morts sur ordonnance (1975)
F… comme Fairbanks (1976)
Mado (1976)
Des enfants gâtés (1977)
Cet obscur objet du désir (1977)
La part du feu (1978)
Le sucre (1978)
Une étrange affaire (1981)
Espion, lève-toi (1982)
La passante du Sans-Souci (1982)
Que les gros salaires lèvent le doigt ! (1982)
Le prix du danger (1983)
La belle noiseuse (1991)
Le bal des casse-pieds (1992)
Beaumarchais, l'insolent (1996)
Les Acteurs (2000)
La Petite Lili (2003)
Habemus papam (2011)
Les copains (1965)
Monnaie de singe (1965)
La nuit des généraux (1967)
La mariée était en noir (1967)
L'amour c'est gai, l'amour c'est triste (1968)
Le diable par la queue (1969)
L'aveu (1970)
Les mariés de l'an II (1971)
Les feux de la chandeleur (1972)
L'horloger de Saint-Paul (1974)
Un linceul n'a pas de poches (1974)
Le téléphone rose (1975)
Le sauvage (1975)
Que la fête commence (1975)
Sérieux comme le plaisir (1975)
Le grand escogriffe (1977)
Coup de torchon (1981)
Signes extérieurs de richesse (1983)
Fort Saganne (1984)
Uranus (1990)
Un, deux, trois, soleil (1993)
Les grands Ducs (1996)
La prisonnière (1968)
Milou en mai (1990)
 
Statistiques - réponses
Réponse % Correct
Habemus papam (2011)
62%
La grande bouffe (1973)
62%
Max et les ferrailleurs (1971)
62%
Belle de jour (1967)
54%
La belle noiseuse (1991)
54%
Le mépris (1963)
54%
Milou en mai (1990)
54%
Vincent, François, Paul... et les autres (1974)
54%
La passante du Sans-Souci (1982)
46%
Le prix du danger (1983)
46%
Les choses de la vie (1970)
46%
Les demoiselles de Rochefort (1967)
46%
Sept morts sur ordonnance (1975)
46%
Le Journal d'une femme de chambre (1964)
38%
Le sucre (1978)
38%
Mado (1976)
38%
Compartiment tueurs (1965)
31%
Des enfants gâtés (1977)
31%
Espion, lève-toi (1982)
31%
Le charme discret de la bourgeoisie (1972)
31%
L'étau (1969)
31%
Dillinger est mort (1969)
23%
La part du feu (1978)
23%
Le doulos (1962)
23%
Le fantôme de la liberté (1974)
23%
Que les gros salaires lèvent le doigt ! (1982)
23%
Themroc (1973)
23%
Cet obscur objet du désir (1977)
15%
F… comme Fairbanks (1976)
15%
La prisonnière (1968)
15%
L'attentat (1972)
15%
Une étrange affaire (1981)
15%
Beaumarchais, l'insolent (1996)
8%
La Petite Lili (2003)
8%
Les Acteurs (2000)
8%
Paris brûle-t-il ? (1966)
8%
La curée (1966)
0%
Le bal des casse-pieds (1992)
0%
Aucun quiz correspondant
Distribution des résultats
% des personnes avec chaque résultat
Percentile par nombre de réponses
Votre historique - résultats
Vous n’avez pas pris ce quiz depuis la dernière actualisation